[Event "1st 4NCL Easter Congress"]
[Site "Stevenage"]
[Date "2019.04.20"]
[Round "3"]
[Board "2"]
[White "Slinger, Aj (Tony)"]
[Black "Merriman, James"]
[Result "1/2-1/2"]
[WhiteElo "1859"]
[BlackElo "1760"]
[PlyCount "0"]
[EventDate "2019.04.19"]
[EventRounds "7"]
[EventCountry "ENG"]

1. d4 {[%clk 01:30:00]} {[%emt 00:00:59]} e6 {[%clk 01:29:52]} {[%emt
00:01:09]} 2. Nf3 {[%clk 01:29:56]} {[%emt 00:00:33]} Nf6 {[%clk 01:30:02]}
{[%emt 00:00:21]} 3. g3 {[%clk 01:29:55]} {[%emt 00:00:30]} b5 {[%clk
01:30:21]} {[%emt 00:00:12]} 4. Bg2 {[%clk 01:30:16]} {[%emt 00:00:09]} d5
{[%clk 01:30:35]} {[%emt 00:00:16]} 5. O-O {[%clk 01:30:32]} {[%emt 00:00:14]}
c5 {[%clk 01:30:41]} {[%emt 00:00:25]} 6. a4 {[%clk 01:27:50]} {[%emt
00:03:12]} b4 {[%clk 01:30:42]} {[%emt 00:00:29]} 7. c3 {[%clk 01:22:17]}
{[%emt 00:06:03]} bxc3 {[%clk 01:21:51]} {[%emt 00:09:22]} 8. Nxc3 {[%clk
01:18:53]} {[%emt 00:03:54]} Na6 {[%clk 01:06:04]} {[%emt 00:16:16]} 9. Re1
{[%clk 01:12:15]} {[%emt 00:07:07]} Be7 {[%clk 01:04:24]} {[%emt 00:02:11]} 10.
e3 {[%clk 01:02:38]} {[%emt 00:10:07]} O-O {[%clk 01:03:45]} {[%emt 00:01:09]}
11. Ne5 {[%clk 01:02:43]} {[%emt 00:00:23]} Nb4 {[%clk 00:59:35]} {[%emt
00:04:42]} 12. dxc5 {[%clk 00:55:36]} {[%emt 00:07:37]} Bxc5 {[%clk 00:56:49]}
{[%emt 00:03:16]} 13. Nd3 {[%clk 00:55:12]} {[%emt 00:00:54]} Nxd3 {[%clk
00:55:45]} {[%emt 00:01:35]} 14. Qxd3 {[%clk 00:55:34]} {[%emt 00:00:07]} Rb8
{[%clk 00:54:34]} {[%emt 00:01:41]} 15. Rd1 {[%clk 00:51:11]} {[%emt 00:04:52]}
Qa5 {[%clk 00:53:05]} {[%emt 00:01:59]} 16. Bf1 {[%clk 00:50:27]} {[%emt
00:01:15]} Rb6 {[%clk 00:48:44]} {[%emt 00:04:51]} 17. Bd2 {[%clk 00:49:03]}
{[%emt 00:01:54]} Bb4 {[%clk 00:48:51]} {[%emt 00:00:22]} 18. Nb5 {[%clk
00:46:10]} {[%emt 00:03:23]} Ba6 {[%clk 00:46:40]} {[%emt 00:02:42]} 19. Bxb4
{[%clk 00:46:07]} {[%emt 00:00:33]} Qxb4 {[%clk 00:46:56]} {[%emt 00:00:14]} 20.
Qd2 {[%clk 00:45:50]} {[%emt 00:00:46]} Qe7 {[%clk 00:45:38]} {[%emt 00:01:48]}
21. Rac1 {[%clk 00:40:08]} {[%emt 00:06:11]} Bxb5 {[%clk 00:44:02]} {[%emt
00:02:08]} 22. axb5 {[%clk 00:39:50]} {[%emt 00:00:47]} Ne4 {[%clk 00:43:54]}
{[%emt 00:00:38]} 23. Qd4 {[%clk 00:39:59]} {[%emt 00:00:21]} Nd6 {[%clk
00:42:04]} {[%emt 00:02:20]} 24. Qc5 {[%clk 00:27:16]} {[%emt 00:13:12]} Qb7
{[%clk 00:40:32]} {[%emt 00:02:04]} 25. Qc7 {[%clk 00:25:18]} {[%emt 00:02:28]}
Nxb5 {[%clk 00:38:29]} {[%emt 00:02:33]} 26. Qxb7 {[%clk 00:24:52]} {[%emt
00:00:55]} Rxb7 {[%clk 00:38:49]} {[%emt 00:00:09]} 27. Bxb5 {[%clk 00:24:45]}
{[%emt 00:00:37]} Rxb5 {[%clk 00:39:11]} {[%emt 00:00:08]} 28. Rc7 {[%clk
00:23:43]} {[%emt 00:01:32]} a5 {[%clk 00:39:02]} {[%emt 00:00:39]} 29. Ra7
{[%clk 00:20:46]} {[%emt 00:03:28]} g6 {[%clk 00:38:15]} {[%emt 00:01:17]} 30.
Rc1 {[%clk 00:20:48]} {[%emt 00:00:27]} Rxb2 {[%clk 00:37:32]} {[%emt
00:01:13]} 31. Rxa5 {[%clk 00:21:13]} {[%emt 00:00:05]} Rfb8 {[%clk 00:36:41]}
{[%emt 00:01:22]} 32. Ra7 {[%clk 00:21:02]} {[%emt 00:00:41]} Rb1 {[%clk
00:36:27]} {[%emt 00:00:44]} 33. Rxb1 {[%clk 00:21:27]} {[%emt 00:00:05]} Rxb1+
{[%clk 00:36:52]} {[%emt 00:00:04]} 34. Kg2 {[%clk 00:21:54]} {[%emt 00:00:03]}
Kg7 {[%clk 00:37:13]} {[%emt 00:00:09]} 35. h4 {[%clk 00:22:15]} {[%emt
00:00:10]} Kf6 {[%clk 00:37:13]} {[%emt 00:00:30]} 36. Rd7 {[%clk 00:21:24]}
{[%emt 00:01:20]} h5 {[%clk 00:36:39]} {[%emt 00:01:04]} 37. Kf3 {[%clk
00:21:46]} {[%emt 00:00:08]} Rb2 {[%clk 00:36:46]} {[%emt 00:00:23]} 38. Kg2
{[%clk 00:20:34]} {[%emt 00:01:43]} Rd2 {[%clk 00:37:06]} {[%emt 00:00:10]} 39.
Kf1 {[%clk 00:20:53]} {[%emt 00:00:10]} Rb2 {[%clk 00:36:22]} {[%emt 00:01:13]}
40. Ke1 {[%clk 00:20:41]} {[%emt 00:00:43]} Rb5 {[%clk 00:36:41]} {[%emt
00:00:12]} 41. Ke2 {[%clk 00:20:53]} {[%emt 00:00:18]} e5 {[%clk 00:36:35]}
{[%emt 00:00:34]} 42. Ra7 {[%clk 00:19:22]} {[%emt 00:02:02]} d4 {[%clk
00:35:01]} {[%emt 00:02:04]} 43. exd4 {[%clk 00:19:18]} {[%emt 00:00:35]} exd4
{[%clk 00:35:23]} {[%emt 00:00:06]} 44. Kd3 {[%clk 00:17:51]} {[%emt 00:01:58]}
Rb2 {[%clk 00:35:31]} {[%emt 00:00:22]} 45. Kxd4 {[%clk 00:18:11]} {[%emt
00:00:11]} Rxf2 {[%clk 00:35:54]} {[%emt 00:00:07]} 46. Ke4 {[%clk 00:18:25]}
{[%emt 00:00:15]} Rf5 {[%clk 00:34:25]} {[%emt 00:01:58]} 47. Ra6+ {[%clk
00:18:43]} {[%emt 00:00:15]} Kg7 {[%clk 00:34:43]} {[%emt 00:00:09]} 48. Ra7
{[%clk 00:18:38]} {[%emt 00:00:38]} Rf6 {[%clk 00:34:27]} {[%emt 00:00:45]} 49.
Rb7 {[%clk 00:18:31]} {[%emt 00:00:38]} Kh6 {[%clk 00:34:38]} {[%emt 00:00:16]}
50. Rb5 {[%clk 00:18:15]} {[%emt 00:00:49]} Rf1 {[%clk 00:34:26]} {[%emt
00:00:40]} 51. Rb8 {[%clk 00:16:52]} {[%emt 00:01:55]} f5+ {[%clk 00:29:57]}
{[%emt 00:04:58]} 52. Ke3 {[%clk 00:17:21]} {[%emt 00:00:01]} f4+ {[%clk
00:29:39]} {[%emt 00:00:48]} 53. Ke2 {[%clk 00:16:02]} {[%emt 00:01:48]} Rh1
{[%clk 00:30:01]} {[%emt 00:00:07]} 54. Kf2 {[%clk 00:16:25]} {[%emt 00:00:08]}
Rh3 {[%clk 00:28:47]} {[%emt 00:01:44]} 55. gxf4 {[%clk 00:16:47]} {[%emt
00:00:08]} Rxh4 {[%clk 00:29:11]} {[%emt 00:00:07]} 56. Kg3 {[%clk 00:17:09]}
{[%emt 00:00:07]} Rg4+ {[%clk 00:29:03]} {[%emt 00:00:38]} 57. Kf3 {[%clk
00:17:32]} {[%emt 00:00:07]} Rg1 {[%clk 00:28:01]} {[%emt 00:01:32]} 58. Kf2
{[%clk 00:17:00]} {[%emt 00:01:02]} Rd1 {[%clk 00:28:21]} {[%emt 00:00:11]} 59.
Kg3 {[%clk 00:16:25]} {[%emt 00:01:05]} Re1 {[%clk 00:28:27]} {[%emt 00:00:23]}
60. Rb6 {[%clk 00:15:25]} {[%emt 00:01:30]} Kg7 {[%clk 00:28:38]} {[%emt
00:00:17]} 61. Ra6 {[%clk 00:15:40]} {[%emt 00:00:17]} Rg1+ {[%clk 00:28:22]}
{[%emt 00:00:46]} 62. Kf2 {[%clk 00:15:56]} {[%emt 00:00:13]} Rh1 {[%clk
00:28:05]} {[%emt 00:00:46]} 63. Kg2 {[%clk 00:16:16]} {[%emt 00:00:11]} Rb1
{[%clk 00:28:06]} {[%emt 00:00:28]} 64. Kg3 {[%clk 00:16:30]} {[%emt 00:00:17]}
Rb3+ {[%clk 00:28:22]} {[%emt 00:00:14]} 65. Kg2 {[%clk 00:16:54]} {[%emt
00:00:06]} h4 {[%clk 00:28:38]} {[%emt 00:00:14]} 66. Rc6 {[%clk 00:16:18]}
{[%emt 00:01:05]} Rb5 {[%clk 00:28:09]} {[%emt 00:00:59]} 67. Kh3 {[%clk
00:16:35]} {[%emt 00:00:15]} Rh5 {[%clk 00:28:10]} {[%emt 00:00:28]} 68. Ra6
{[%clk 00:16:59]} {[%emt 00:00:07]} Rf5 {[%clk 00:27:55]} {[%emt 00:00:45]} 69.
Kxh4 {[%clk 00:17:15]} {[%emt 00:00:14]} Rxf4+ {[%clk 00:28:18]} {[%emt
00:00:07]} 70. Kg5 {[%clk 00:17:28]} {[%emt 00:00:16]} Rf5+ {[%clk 00:28:36]}
{[%emt 00:00:13]} 71. Kg4 {[%clk 00:17:53]} {[%emt 00:00:05]} Rb5 {[%clk
00:28:55]} {[%emt 00:00:10]} 72. Ra7+ {[%clk 00:17:53]} {[%emt 00:00:31]} Kh6
{[%clk 00:29:14]} {[%emt 00:00:10]} 73. Ra4 {[%clk 00:17:36]} {[%emt 00:00:48]}
Rb1 {[%clk 00:29:21]} {[%emt 00:00:24]} 74. Ra5 {[%clk 00:17:50]} {[%emt
00:00:16]} Rg1+ {[%clk 00:29:27]} {[%emt 00:00:24]} 75. Kf3 {[%clk 00:17:09]}
{[%emt 00:01:10]} g5 {[%clk 00:29:42]} {[%emt 00:00:15]} 76. Ra8 {[%clk
00:17:11]} {[%emt 00:00:28]} g4+ {[%clk 00:29:25]} {[%emt 00:00:47]} 77. Kf2
{[%clk 00:17:33]} {[%emt 00:00:07]} Rb1 {[%clk 00:29:41]} {[%emt 00:00:14]} 78.
Ra5 {[%clk 00:17:55]} {[%emt 00:00:08]} Rb3 {[%clk 00:29:39]} {[%emt 00:00:31]}
79. Kg2 {[%clk 00:18:18]} {[%emt 00:00:08]} Kg6 {[%clk 00:29:08]} {[%emt
00:01:01]} 80. Rc5 {[%clk 00:18:41]} {[%emt 00:00:08]} g3 {[%clk 00:29:24]}
{[%emt 00:00:13]} 81. Ra5 {[%clk 00:19:04]} {[%emt 00:00:07]} Kf6 {[%clk
00:29:47]} {[%emt 00:00:07]} 82. Rc5 {[%clk 00:19:22]} {[%emt 00:00:12]} Ra3
{[%clk 00:30:11]} {[%emt 00:00:05]} 83. Rb5 {[%clk 00:19:46]} {[%emt 00:00:07]}
Kg6 {[%clk 00:29:56]} {[%emt 00:00:13]}  1/2-1/2

[Event "1st 4NCL Easter Congress"]
[Site "Stevenage"]
[Date "2019.04.20"]
[Round "3"]
[Board "3"]
[White "Stephenson, David W"]
[Black "Ai, Farshad"]
[Result "0-1"]
[WhiteElo "1829"]
[BlackElo "1945"]
[PlyCount "0"]
[EventDate "2019.04.19"]
[EventRounds "7"]
[EventCountry "ENG"]

1. d4 {[%clk 01:20:42]} {[%emt 00:10:17]} d5 {[%clk 01:30:49]} {[%emt
00:00:11]} 2. Nc3 {[%clk 01:21:07]} {[%emt 00:00:05]} Nf6 {[%clk 01:30:57]}
{[%emt 00:00:23]} 3. e4 {[%clk 01:21:23]} {[%emt 00:00:14]} dxe4 {[%clk
01:30:59]} {[%emt 00:00:27]} 4. f3 {[%clk 01:21:46]} {[%emt 00:00:07]} exf3
{[%clk 01:31:00]} {[%emt 00:00:29]} 5. Nxf3 {[%clk 01:22:10]} {[%emt 00:00:06]}
Bg4 {[%clk 01:30:55]} {[%emt 00:00:35]} 6. h3 {[%clk 01:22:33]} {[%emt
00:00:07]} Bxf3 {[%clk 01:29:42]} {[%emt 00:01:42]} 7. Qxf3 {[%clk 01:22:52]}
{[%emt 00:00:11]} c6 {[%clk 01:29:56]} {[%emt 00:00:16]} 8. g4 {[%clk
01:22:26]} {[%emt 00:00:56]} e6 {[%clk 01:29:28]} {[%emt 00:00:54]} 9. g5
{[%clk 01:20:39]} {[%emt 00:02:21]} Nd5 {[%clk 01:28:47]} {[%emt 00:01:10]} 10.
Ne4 {[%clk 01:10:30]} {[%emt 00:10:39]} Qb6 {[%clk 01:21:59]} {[%emt 00:07:14]}
11. c3 {[%clk 01:08:31]} {[%emt 00:02:34]} Nd7 {[%clk 01:21:08]} {[%emt
00:01:20]} 12. Bd3 {[%clk 01:08:16]} {[%emt 00:00:45]} Be7 {[%clk 01:11:28]}
{[%emt 00:10:09]} 13. a3 {[%clk 01:02:35]} {[%emt 00:06:13]} Qc7 {[%clk
01:03:15]} {[%emt 00:08:42]} 14. c4 {[%clk 00:59:50]} {[%emt 00:03:15]} N5b6
{[%clk 01:03:15]} {[%emt 00:00:30]} 15. Bd2 {[%clk 00:55:56]} {[%emt 00:04:24]}
c5 {[%clk 00:56:43]} {[%emt 00:07:03]} 16. d5 {[%clk 00:51:02]} {[%emt
00:05:24]} Ne5 {[%clk 00:56:29]} {[%emt 00:00:44]} 17. Qg3 {[%clk 00:46:04]}
{[%emt 00:05:29]} Nxd3+ {[%clk 00:56:48]} {[%emt 00:00:10]} 18. Qxd3 {[%clk
00:46:17]} {[%emt 00:00:17]} exd5 {[%clk 00:54:50]} {[%emt 00:02:28]} 19. cxd5
{[%clk 00:46:12]} {[%emt 00:00:35]} Rd8 {[%clk 00:53:02]} {[%emt 00:02:18]} 20.
Nc3 {[%clk 00:37:41]} {[%emt 00:09:01]} c4 {[%clk 00:46:34]} {[%emt 00:06:57]}
21. Qd4 {[%clk 00:31:06]} {[%emt 00:07:06]} Qg3+ {[%clk 00:46:33]} {[%emt
00:00:29]} 22. Kd1 {[%clk 00:29:49]} {[%emt 00:01:48]} Qf3+ {[%clk 00:44:12]}
{[%emt 00:02:50]} 23. Kc2 {[%clk 00:29:16]} {[%emt 00:01:04]} Qd3+ {[%clk
00:43:59]} {[%emt 00:00:42]} 24. Qxd3 {[%clk 00:29:18]} {[%emt 00:00:28]} cxd3+
{[%clk 00:44:28]} {[%emt 00:00:01]} 25. Kxd3 {[%clk 00:28:37]} {[%emt
00:01:11]} Nxd5 {[%clk 00:44:47]} {[%emt 00:00:11]} 26. Rae1 {[%clk 00:23:07]}
{[%emt 00:06:00]} O-O {[%clk 00:41:03]} {[%emt 00:04:13]} 27. Kc2 {[%clk
00:21:35]} {[%emt 00:02:03]} Bc5 {[%clk 00:35:25]} {[%emt 00:06:06]} 28. Re5
{[%clk 00:19:49]} {[%emt 00:02:18]} Nxc3 {[%clk 00:35:12]} {[%emt 00:00:43]} 29.
Bxc3 {[%clk 00:18:37]} {[%emt 00:01:42]} Rc8 {[%clk 00:31:16]} {[%emt
00:04:24]} 30. Rd1 {[%clk 00:17:31]} {[%emt 00:01:38]} Rc7 {[%clk 00:29:57]}
{[%emt 00:01:49]} 31. Red5 {[%clk 00:16:04]} {[%emt 00:01:58]} Be7 {[%clk
00:26:35]} {[%emt 00:03:50]} 32. h4 {[%clk 00:15:47]} {[%emt 00:00:48]} f6
{[%clk 00:26:13]} {[%emt 00:00:52]} 33. Rd7 {[%clk 00:15:16]} {[%emt 00:01:01]}
Rfc8 {[%clk 00:25:33]} {[%emt 00:01:09]} 34. Kb3 {[%clk 00:13:01]} {[%emt
00:02:47]} fxg5 {[%clk 00:24:32]} {[%emt 00:01:31]} 35. hxg5 {[%clk 00:12:39]}
{[%emt 00:00:51]} Kf8 {[%emt 00:07:26]} 36. Rf1+ {[%clk 00:10:56]} Ke8 {[%clk
00:17:48]} {[%emt 00:02:26]} 37. Rxc7 {[%clk 00:07:57]} {[%emt 00:03:34]} Rxc7
{[%clk 00:18:12]} {[%emt 00:00:05]} 38. Bxg7 {[%clk 00:07:42]} {[%emt
00:00:45]} Bxg5 {[%clk 00:17:54]} {[%emt 00:00:46]} 39. Rf8+ {[%clk 00:07:23]}
{[%emt 00:00:50]} Ke7 {[%clk 00:16:23]} {[%emt 00:01:56]} 40. Rh8 {[%clk
00:07:28]} {[%emt 00:00:30]} Ke6 {[%clk 00:16:22]} {[%emt 00:00:29]} 41. Bd4
{[%clk 00:07:01]} {[%emt 00:00:59]} Bf6 {[%clk 00:14:54]} {[%emt 00:01:57]} 42.
Bxf6 {[%clk 00:06:08]} {[%emt 00:01:23]} Kxf6 {[%clk 00:15:16]} {[%emt
00:00:08]} 43. Kb4 {[%clk 00:05:55]} {[%emt 00:00:44]} Kg7 {[%clk 00:15:17]}
{[%emt 00:00:27]} 44. Ra8 {[%clk 00:05:58]} {[%emt 00:00:28]} a6 {[%clk
00:14:53]} {[%emt 00:00:54]} 45. Ka5 {[%clk 00:05:53]} {[%emt 00:00:36]} Rc5+
{[%clk 00:14:47]} {[%emt 00:00:33]} 46. Kb4 {[%clk 00:05:58]} {[%emt 00:00:29]}
Rb5+ {[%clk 00:14:39]} {[%emt 00:00:38]} 47. Kc3 {[%clk 00:06:18]} {[%emt
00:00:10]} h5 {[%clk 00:14:57]} {[%emt 00:00:11]} 48. b4 {[%clk 00:06:06]}
{[%emt 00:00:42]} h4 {[%clk 00:15:01]} {[%emt 00:00:26]} 49. Rd8 {[%clk
00:05:22]} {[%emt 00:01:14]} h3 {[%clk 00:12:33]} {[%emt 00:02:56]} 50. Rd2
{[%clk 00:05:29]} {[%emt 00:00:24]} Rh5 {[%clk 00:12:46]} {[%emt 00:00:16]} 51.
Rh2 {[%clk 00:05:43]} {[%emt 00:00:17]} Kf6 {[%clk 00:12:29]} {[%emt 00:00:45]}
52. Kd4 {[%clk 00:05:32]} {[%emt 00:00:43]} Ke6 {[%clk 00:12:33]} {[%emt
00:00:26]} 53. Ke4 {[%clk 00:05:44]} {[%emt 00:00:19]} Kd6 {[%clk 00:12:43]}
{[%emt 00:00:18]} 54. Kd4 {[%clk 00:05:57]} {[%emt 00:00:18]} Kc6 {[%clk
00:13:06]} {[%emt 00:00:07]} 55. a4 {[%clk 00:05:21]} {[%emt 00:01:07]} Rh4+
{[%clk 00:12:27]} {[%emt 00:01:09]} 56. Kc3 {[%clk 00:05:41]} {[%emt 00:00:11]}
Kd5 {[%clk 00:11:24]} {[%emt 00:01:31]} 57. b5 {[%clk 00:05:04]} {[%emt
00:01:08]} axb5 {[%clk 00:11:18]} {[%emt 00:00:35]} 58. axb5 {[%clk 00:05:26]}
{[%emt 00:00:08]} Kc5 {[%clk 00:11:44]} {[%emt 00:00:04]} 59. Kd3 {[%clk
00:04:46]} {[%emt 00:01:11]} Kxb5 {[%clk 00:12:07]} {[%emt 00:00:07]} 60. Ke3
{[%clk 00:04:53]} {[%emt 00:00:22]} Kc4 {[%clk 00:12:25]} {[%emt 00:00:11]} 61.
Kf3 {[%clk 00:05:16]} {[%emt 00:00:09]} b5 {[%clk 00:12:26]} {[%emt 00:00:29]}
62. Kg3 {[%clk 00:05:42]} {[%emt 00:00:04]} Rh8 {[%clk 00:12:42]} {[%emt
00:00:13]} 63. Kf2 {[%clk 00:05:29]} {[%emt 00:00:45]} Kc3 {[%clk 00:12:53]}
{[%emt 00:00:19]} 64. Ke1 {[%clk 00:05:42]} {[%emt 00:00:17]} Kd3 {[%clk
00:13:01]} {[%emt 00:00:19]} 65. Kf1 {[%clk 00:04:59]} {[%emt 00:01:16]} Ke3
{[%clk 00:13:06]} {[%emt 00:00:25]} 66. Kg1 {[%clk 00:03:56]} {[%emt 00:01:33]}
Kd3 {[%clk 00:12:52]} {[%emt 00:00:43]} 67. Kf1 {[%clk 00:03:55]} {[%emt
00:00:32]} b4 {[%clk 00:13:15]} {[%emt 00:00:07]} 68. Ke1 {[%clk 00:03:52]}
{[%emt 00:00:34]} b3 {[%clk 00:13:37]} {[%emt 00:00:08]} 69. Kd1 {[%clk
00:04:03]} {[%emt 00:00:19]} b2 {[%clk 00:13:36]} {[%emt 00:00:31]} 70. Rxb2
{[%clk 00:03:18]} {[%emt 00:01:15]} h2 {[%clk 00:13:59]} {[%emt 00:00:06]}  0-1

[Event "1st 4NCL Easter Congress"]
[Site "Stevenage"]
[Date "2019.04.20"]
[Round "3"]
[Board "5"]
[White "Gray, Edward"]
[Black "Brocklehurst, Andrew"]
[Result "1-0"]
[WhiteElo "1704"]
[BlackElo "1900"]
[PlyCount "0"]
[EventDate "2019.04.19"]
[EventRounds "7"]
[EventCountry "ENG"]

1. e4 {[%clk 01:30:48]} {[%emt 00:00:12]} c5 {[%clk 01:30:57]} {[%emt
00:00:05]} 2. Nc3 {[%clk 01:31:10]} {[%emt 00:00:08]} d6 {[%clk 01:30:51]}
{[%emt 00:00:35]} 3. Bb5+ {[%clk 01:31:28]} {[%emt 00:00:10]} Bd7 {[%clk
01:31:07]} {[%emt 00:00:15]} 4. Bxd7+ {[%clk 01:31:54]} {[%emt 00:00:04]} Qxd7
{[%clk 01:31:08]} {[%emt 00:00:30]} 5. f4 {[%clk 01:32:17]} {[%emt 00:00:07]}
Nc6 {[%clk 01:31:18]} {[%emt 00:00:20]} 6. Nf3 {[%clk 01:32:30]} {[%emt
00:00:16]} e6 {[%clk 01:30:54]} {[%emt 00:00:55]} 7. d3 {[%clk 01:32:42]}
{[%emt 00:00:18]} Be7 {[%clk 01:31:00]} {[%emt 00:00:24]} 8. O-O {[%clk
01:32:57]} {[%emt 00:00:14]} Nf6 {[%clk 01:31:12]} {[%emt 00:00:19]} 9. Qe1
{[%clk 01:33:19]} {[%emt 00:00:08]} h6 {[%clk 01:30:35]} {[%emt 00:01:07]} 10.
a3 {[%clk 01:33:02]} {[%emt 00:00:47]} a6 {[%clk 01:30:29]} {[%emt 00:00:37]}
11. Bd2 {[%clk 01:32:06]} {[%emt 00:01:25]} b5 {[%clk 01:28:15]} {[%emt
00:02:44]} 12. Qg3 {[%clk 01:30:38]} {[%emt 00:01:57]} g6 {[%clk 01:27:28]}
{[%emt 00:01:18]} 13. Rae1 {[%clk 01:29:47]} {[%emt 00:01:21]} b4 {[%clk
01:23:58]} {[%emt 00:04:01]} 14. axb4 {[%clk 01:29:36]} {[%emt 00:00:39]} Nxb4
{[%clk 01:23:43]} {[%emt 00:00:46]} 15. Rc1 {[%clk 01:29:29]} {[%emt 00:00:37]}
a5 {[%clk 01:19:38]} {[%emt 00:04:36]} 16. Nh4 {[%clk 01:23:06]} {[%emt
00:06:47]} Nh5 {[%clk 01:19:04]} {[%emt 00:01:08]} 17. Qf2 {[%clk 01:22:52]}
{[%emt 00:00:42]} Bxh4 {[%clk 01:09:04]} {[%emt 00:10:32]} 18. Qxh4 {[%clk
01:23:16]} {[%emt 00:00:05]} Qe7 {[%clk 01:08:32]} {[%emt 00:01:04]} 19. Qh3
{[%clk 01:23:06]} {[%emt 00:00:40]} Nf6 {[%clk 01:01:15]} {[%emt 00:07:47]} 20.
f5 {[%clk 01:22:46]} {[%emt 00:00:50]} gxf5 {[%clk 00:50:47]} {[%emt 00:10:59]}
21. exf5 {[%clk 01:23:00]} {[%emt 00:00:16]} e5 {[%clk 00:48:40]} {[%emt
00:02:37]} 22. Qf3 {[%clk 01:18:55]} {[%emt 00:04:34]} Rd8 {[%clk 00:47:45]}
{[%emt 00:01:25]} 23. Ne4 {[%clk 01:17:27]} {[%emt 00:01:55]} Nxe4 {[%clk
00:42:25]} {[%emt 00:05:53]} 24. Qxe4 {[%clk 01:17:47]} {[%emt 00:00:10]} d5
{[%clk 00:41:51]} {[%emt 00:01:03]} 25. Qg4 {[%clk 01:18:04]} {[%emt 00:00:12]}
f6 {[%clk 00:34:56]} {[%emt 00:07:26]} 26. Bxb4 {[%clk 01:16:55]} {[%emt
00:01:40]} axb4 {[%clk 00:33:29]} {[%emt 00:01:58]} 27. Ra1 {[%clk 01:17:04]}
{[%emt 00:00:21]} h5 {[%clk 00:32:31]} {[%emt 00:01:27]} 28. Qg6+ {[%clk
01:15:46]} {[%emt 00:01:47]} Qf7 {[%clk 00:28:05]} {[%emt 00:04:57]} 29. Ra7
{[%clk 01:12:44]} {[%emt 00:03:29]} Qxg6 {[%clk 00:27:32]} {[%emt 00:01:06]} 30.
fxg6 {[%clk 01:13:05]} {[%emt 00:00:08]} O-O {[%clk 00:24:40]} {[%emt
00:03:22]} 31. Rf5 {[%clk 01:10:52]} {[%emt 00:02:41]} e4 {[%clk 00:23:13]}
{[%emt 00:02:00]} 32. Rxh5 {[%clk 01:09:33]} {[%emt 00:01:49]} exd3 {[%clk
00:08:06]} {[%emt 00:15:37]} 33. cxd3 {[%clk 01:09:46]} {[%emt 00:00:17]} Rd6
{[%emt 00:02:08]} 34. Rhh7 {[%clk 01:09:14]} Re8 {[%clk 00:06:40]} {[%emt
00:01:20]} 35. h4 {[%clk 01:07:53]} {[%emt 00:01:51]} c4 {[%clk 00:05:50]}
{[%emt 00:01:21]} 36. h5 {[%clk 01:07:39]} {[%emt 00:00:44]} f5 {[%clk
00:05:25]} {[%emt 00:00:55]} 37. Rhg7+ {[%clk 01:06:09]} {[%emt 00:01:59]} Kh8
{[%clk 00:05:23]} {[%emt 00:00:34]} 38. h6 {[%clk 01:05:49]} {[%emt 00:00:49]}
Rxg6 {[%clk 00:04:59]} {[%emt 00:00:54]} 39. Rxg6 {[%clk 01:06:13]} {[%emt
00:00:06]} cxd3 {[%clk 00:04:16]} {[%emt 00:01:13]} 40. Ra1 {[%clk 01:06:31]}
{[%emt 00:00:12]} d2 {[%clk 00:04:23]} {[%emt 00:00:24]} 41. Kf2 {[%clk
01:06:52]} {[%emt 00:00:25]}  1-0

[Event "1st 4NCL Easter Congress"]
[Site "Stevenage"]
[Date "2019.04.20"]
[Round "3"]
[Board "6"]
[White "Kapoor, Gurveen"]
[Black "Bagley, Andy J"]
[Result "1/2-1/2"]
[WhiteElo "1764"]
[BlackElo "1853"]
[PlyCount "0"]
[EventDate "2019.04.19"]
[EventRounds "7"]
[EventCountry "ENG"]

1. g3 {[%clk 01:30:55]} {[%emt 00:00:04]} e6 {[%clk 01:30:23]} {[%emt
00:00:37]} 2. Bg2 {[%clk 01:30:32]} {[%emt 00:00:53]} d5 {[%clk 01:30:23]}
{[%emt 00:00:30]} 3. c4 {[%clk 01:30:45]} {[%emt 00:00:17]} dxc4 {[%clk
01:30:40]} {[%emt 00:00:13]} 4. Nf3 {[%clk 01:30:02]} {[%emt 00:01:13]} Nf6
{[%clk 01:30:23]} {[%emt 00:00:47]} 5. O-O {[%clk 01:29:59]} {[%emt 00:00:32]}
a6 {[%clk 01:24:22]} {[%emt 00:06:32]} 6. a4 {[%clk 01:27:42]} {[%emt
00:02:47]} Nbd7 {[%clk 01:24:24]} {[%emt 00:00:29]} 7. Na3 {[%clk 01:25:18]}
{[%emt 00:02:54]} Bxa3 {[%clk 01:21:01]} {[%emt 00:03:53]} 8. Rxa3 {[%clk
01:22:38]} {[%emt 00:03:10]} O-O {[%clk 01:16:27]} {[%emt 00:05:04]} 9. Qc2
{[%clk 01:21:38]} {[%emt 00:01:29]} Rb8 {[%clk 01:16:00]} {[%emt 00:00:56]} 10.
a5 {[%clk 00:59:45]} {[%emt 00:22:24]} b5 {[%clk 00:59:19]} {[%emt 00:17:11]}
11. axb6 {[%clk 01:00:03]} {[%emt 00:00:12]} Nxb6 {[%clk 00:54:21]} {[%emt
00:05:28]} 12. Ne5 {[%clk 00:51:48]} {[%emt 00:08:45]} Bb7 {[%clk 00:53:28]}
{[%emt 00:01:23]} 13. Bxb7 {[%clk 00:48:50]} {[%emt 00:03:28]} Rxb7 {[%clk
00:53:52]} {[%emt 00:00:05]} 14. Nxc4 {[%clk 00:49:16]} {[%emt 00:00:05]} Nbd5
{[%clk 00:49:57]} {[%emt 00:04:25]} 15. d3 {[%clk 00:39:38]} {[%emt 00:10:08]}
Nb4 {[%clk 00:49:29]} {[%emt 00:00:58]} 16. Qd1 {[%clk 00:39:48]} {[%emt
00:00:19]} Nfd5 {[%clk 00:47:32]} {[%emt 00:02:27]} 17. e4 {[%clk 00:38:52]}
{[%emt 00:01:27]} Ne7 {[%clk 00:41:11]} {[%emt 00:06:51]} 18. Be3 {[%clk
00:34:22]} {[%emt 00:04:59]} Re8 {[%clk 00:39:43]} {[%emt 00:01:58]} 19. Qf3
{[%clk 00:22:13]} {[%emt 00:12:40]} Nec6 {[%clk 00:35:41]} {[%emt 00:04:32]} 20.
Rd1 {[%clk 00:20:11]} {[%emt 00:02:31]} Nd4 {[%clk 00:32:33]} {[%emt 00:03:38]}
21. Qg4 {[%clk 00:20:21]} {[%emt 00:00:20]} Rb5 {[%clk 00:27:06]} {[%emt
00:05:57]} 22. e5 {[%clk 00:16:39]} {[%emt 00:04:12]} Nf5 {[%clk 00:24:21]}
{[%emt 00:03:15]} 23. Bg5 {[%clk 00:15:29]} {[%emt 00:01:39]} Qd4 {[%clk
00:23:31]} {[%emt 00:01:20]} 24. Qe2 {[%clk 00:13:04]} {[%emt 00:02:56]} h6
{[%clk 00:21:24]} {[%emt 00:02:37]} 25. Bd2 {[%clk 00:10:52]} {[%emt 00:02:41]}
a5 {[%clk 00:17:16]} {[%emt 00:04:39]} 26. Bc3 {[%clk 00:09:52]} {[%emt
00:01:30]} Qd5 {[%clk 00:16:57]} {[%emt 00:00:49]} 27. Ne3 {[%clk 00:08:35]}
{[%emt 00:01:46]} Nxe3 {[%clk 00:16:43]} {[%emt 00:00:44]} 28. fxe3 {[%clk
00:09:02]} {[%emt 00:00:03]} c5 {[%clk 00:15:23]} {[%emt 00:01:50]} 29. d4
{[%clk 00:05:46]} {[%emt 00:03:48]} Qb7 {[%emt 00:00:46]}  1/2-1/2